International financial management

Salvato in:
Dettagli Bibliografici
Autore principale: Eun, Cheol S.
Altri autori: Resnick, Bruce G.
Natura: Libro
Lingua:inglese
Pubblicazione: Boston McGraw-Hill/Irwin 2007
Edizione:4th ed.
Soggetti:
Tags: Aggiungi Tag
Nessun Tag, puoi essere il primo ad aggiungerne!!

MARC

LEADER 00000nam$a2200000$$$4500
001 0050406
005 20240306135739.2
020 |a 0-07-299686-2 
020 |a 978-0-07-299686-9 
020 |a 978-007-126044-2 
041 0 |a eng 
044 |a US 
245 1 0 |a International financial management  |c Cheol S. Eun, Bruce G. Resnick 
250 |a 4th ed. 
264 1 |a Boston  |b McGraw-Hill/Irwin  |c 2007 
300 |a xxiii, 536 s. 
610 2 0 |a financie medzinárodné 
610 2 0 |a riadenie finančné 
610 2 0 |a manažment finančný 
610 2 0 |a podnik medzinárodný 
610 2 0 |a organizácie finančné 
610 2 0 |a trh devízový 
610 2 0 |a kurz devízový 
610 2 0 |a trh finančný medzinárodný 
610 2 0 |a podnik multinacionálny 
100 1 |a Eun, Cheol S. 
700 1 |a Resnick, Bruce G.